LEADER 01185nam 2200397 450 001 996560370703316 005 20231129230514.0 024 7 $a10.1145/3604571 035 $a(CKB)28728771300041 035 $a(NjHacI)9928728771300041 035 $a(EXLCZ)9928728771300041 100 $a20231129d2023 uy 0 101 0 $aeng 135 $aur||||||||||| 181 $ctxt$2rdacontent 182 $cc$2rdamedia 183 $acr$2rdacarrier 200 00$aProceedings of the Asian HCI Symposium 2023 /$fEunice Sari, Masitah Ghazali, Adi Tedjasaputra, editors 210 1$aNew York, NY, USA :$cAssociation for Computing Machinery,$d2023. 215 $a1 online resource (109 pages) 225 0 $aACM Other conferences 311 08$a9798400707612 606 $aComputer science 606 $aApplied computing 615 0$aComputer science. 615 0$aApplied computing. 676 $a004 702 $aSari$b Eunice 702 $aGhazali$b Masitah 702 $aTedjasaputra$b Adi 801 0$bNjHacI 801 1$bNjHacl 906 $aBOOK 912 $a996560370703316 996 $aProceedings of the Asian HCI Symposium 2023$93583382 997 $aUNISA